| 000 | 00571nam a2200205Ia 4500 | ||
|---|---|---|---|
| 003 | GCL | ||
| 008 | 140319s9999 xx 000 0 ara d | ||
| 040 |
_aGCL / _cGCL |
||
| 082 | 0 | 4 |
_a915.4 _bح س |
| 100 | 1 | _aحسين فوزى | |
| 245 | 1 | 0 |
_aسندباد عصرى : جولات فى المحيط الهندى / _cحسين فوزى |
| 260 |
_a[S.N] : _bلا يوجد ، _c1938 |
||
| 300 | _a238 ص | ||
| 490 | _a | ||
| 650 | 0 | 4 | _aالعادات والتقاليد |
| 650 | 0 | 4 | _aالهند |
| 650 | 0 | 4 | _aاسيا |
| 650 | 0 | 4 | _aوصف ورحلات |
| 942 |
_2ddc _cBK |
||
| 999 |
_c36933 _d36933 |
||